| 000 | 00861nam a22003130a 4500 | ||
|---|---|---|---|
| 001 | PT51973 | ||
| 003 | AR-LpoUNG | ||
| 005 | 20210131231446.0 | ||
| 008 | 191001s2009||||ag |||||||||||||||||spa d | ||
| 020 |
_a9789872487928 _c$28 |
||
| 040 |
_aAR-LpoUNG _bspa _cAR-LpoUNG _eaacr |
||
| 041 | _aspa | ||
| 044 | _aag | ||
| 082 | 0 | _a808.068 3 671fan | |
| 100 | 1 | _aWilde, Oscar | |
| 245 | 1 | 3 | _aEl fantasma de Canterville |
| 250 | _a1ra. ed. | ||
| 260 |
_aBuenos Aires : _bLa Estación, _cenero 2009. |
||
| 300 |
_a79 p. : _bil., fot. |
||
| 505 | 0 | _aSugerido a partir de 14 años (etiqueta VERDE) | |
| 650 | 4 | _aLITERATURA | |
| 650 | 4 | _aNOVELAS | |
| 651 | 4 | _aDOCUMENTOS TEORICOS O METODOLOGICOS | |
| 653 | _aLITERATURA INFANTOJUVENIL | ||
| 700 | 1 |
_aBarreiro, Sebastián _eil. |
|
| 700 | 1 |
_aBidon-Chanan, Lucas _etr. |
|
| 905 | _a51973 | ||
| 942 | _cLIB | ||
| 999 |
_c10176 _d10176 |
||